[Event "Campo Grande op 2nd"]
[Site "Campo Grande"]
[Date "2014.09.06"]
[Round "2"]
[White "Turine, Oswaldo"]
[Black "Queiroz Franca, Hector Hugo"]
[Result "1/2-1/2"]
[WhiteElo "1852"]
[BlackElo "1790"]
[PlyCount "55"]
[EventDate "2014.09.05"]
[EventType "swiss"]
[EventRounds "5"]
[EventCountry "BRA"]
[SourceTitle "CBM 162 Extra"]
[Source "ChessBase"]
[SourceDate "2014.10.17"]
[SourceVersion "1"]
[SourceVersionDate "2014.10.17"]
[SourceQuality "1"]

1. b4 e5 2. g3 d5 3. a3 Nf6 4. Bg2 e4 5. Bb2 Bf5 6. Qc1 c5 7. bxc5 Bxc5 8. e3 0-0 9. Ne2 Bd6 10. c4 Bg4 11. c5 Bxe2 12. Kxe2 Be7 13. Bd4 Nc6 14. Bb2 Nd7 15. Nc3 Nxc5 16. Nb5 a6 17. Nd4 Nxd4+ 18. Bxd4 Nb3 19. Qc3 Nxa1 20. Rxa1 f6 21. Rb1 Rc8 22. Qb3 b5 23. Bxe4 Kh8 24. Bxd5 Bc5 25. Bc3 Qd7 26. Be6 Qe7 27. Bxc8 Rxc8 28. Bb4 1/2-1/2